Générique South Park - Paroles - Statistiques

Statistiques générales
  • Ce quiz a été pris 786 fois
  • Le résultat moyen est 12 sur 14
Statistiques - réponses
Paroles % Correct
J'prends {la} {route} de South Park
98%
Histoire de prendre {un} {peu} {l}'{air} !
96%
J'prends la route de {South} {Park}
96%
Et j'oublie toutes {mes} {galères} !
94%
Que des visages {amicaux} !
92%
Tout le monde vous dit "{Bonne} {journée}" !
92%
Mmm mmm mmm mmm mmm mmm mmm {mmm}
90%
Mmm mmm mmm mmm mmm mmm mmm {mmm}
90%
Histoire de m'calmer {les} {nerfs}
88%
Y'a d'la place pour {se} {garer} !
88%
Des {gens} {gentils} bien comme il faut !
85%
Et j'vous présenterai {mes} {potes} !
78%
Alors {suivez}-{moi} à South Park
48%
J'{taille} la route de South Park
45%
Aucun quiz correspondant
Distribution des résultats
% des personnes avec chaque résultat
Percentile par nombre de réponses
Votre historique - résultats
Vous n’avez pas pris ce quiz